Provincias de Ecuador en un Mapa - Estadísticas

Estadísticas generales
  • Esta prueba ha sido intentada 1.575 veces
  • La puntuación promedio es 15 de 24
Respuestas en el mapa
Las respuestas están codificadas por una escala verde-roja en el mapa de la prueba según el % correcto abajo.
 
Estadísticas de respuestas
Provincia % Correcto
Galápagos
93%
Esmeraldas
73%
Guayas
71%
Loja
69%
Pichincha
68%
El Oro
67%
Manabí
64%
Bolívar
63%
Chimborazo
61%
Azuay
60%
Cotopaxi
60%
Santa Elena
60%
Orellana
57%
Pastaza
57%
Sucumbíos
57%
Carchi
56%
Imbabura
56%
Los Ríos
56%
Napo
56%
Cañar
53%
Zamora Chinchipe
53%
Tungurahua
51%
Morona Santiago
50%
Santo Domingo de los Tsáchilas
50%
No se encontraron pruebas coincidentes
Distribución de puntuación
Porcentaje de gente con cada puntuación
Porcentaje por número respondido
Historial de tus puntuaciones
No has intentado esta prueba.